| 000 | 00437nmm a2200157Ia 4500 | ||
|---|---|---|---|
| 008 | 251105s9999||||xx |||||||||||||||||und|| | ||
| 020 | _a9789562845373 | ||
| 041 | _aspa | ||
| 100 | _aReyes, Gloria | ||
| 245 | 0 | _aLa práctica del psicodrama | |
| 264 |
_a[Santiago de Chile, Chile] : _bRil editores, _c2007 |
||
| 300 | _a229 páginas | ||
| 650 | _aPsychology | ||
| 856 | _uhttps://public.digitaliapublishing.com/a/29699 | ||
| 942 | _cCF | ||
| 999 |
_c94392 _d94392 |
||